000 00602nam a2200205Ia 4500
005 20250508164735.0
008 008 250505s9999 xx 000 0 eng d
020 _a81-88789-45-3
037 _aTextual
040 _aFEDL
_beng
_cFEDL
041 _aeng
_2eng
084 _a420.7, VAI
_qFEDL
100 _aVaidehi Ramanathan
_9779035
245 0 _aEnglish-Vernacular divide : Postcolonial language politics and practice
260 _aNew Delhi, India
_bOrient Longman
_c2007
300 _axii,143p.
365 _aINR
_b200
942 _cTEXL
_h420.7, VAI
999 _c1390852
_d1390852